=LDR 00000nam 2200000 4500 =001 INLIS000000000032146 =005 20130612134153 =008 ***********************************ind** =035 ##$$0010-061300000032146 =041 ##$$a ind =082 ##$$a 030 =090 ##$$a R. 030, Gay b1 =100 ##$$a Gayo, Iwan =245 ##$$a Buku Pintar Seri Senior, Iwan Gayo =260 ##$$a 2007 $b Jakarta =300 ##$$a 800 hlm, illus, 21 =650 ##$$a Ensiklopedi Umum =850 ##$$a NBPNMAT